| 000 | 00812nam a2200241 a 4500 | ||
|---|---|---|---|
| 008 | 951121s1989||||[C 0 slo c | ||
| 020 |
_c19 Kčs. _q(3000 výtl.) |
||
| 040 |
_aSNK _bslo _cSNK _eAACR2 |
||
| 041 | 1 |
_aslo _hslo |
|
| 044 |
_axo _cSK |
||
| 080 | _a943.7"1939" | ||
| 080 | _a885.4-94 | ||
| 100 | 1 |
_aLeikert, Jozef _4aut |
|
| 245 | 1 | 0 |
_aRáno prišla noc _cJozef Leikert ; Jozef Pernecký, Jozef Leikert |
| 250 | _a1., vyd. | ||
| 260 |
_aBratislava _bSmena _c1989 _eBratislava _fPravda |
||
| 300 |
_a232 s., 18,69 AH _bFot. _c24 cm |
||
| 490 | 0 | _aZväzácka knižnica | |
| 500 | _aFot. na front. a predsádkach. Lit. 10. Res. rus., angl., nem., franc. a špan. Spoluvyd. Mladá fronta, Praha. 10 zázn. v češ. | ||
| 700 | 1 |
_aPernecký, Jozef _4bkd |
|
| 700 | 1 |
_aLeikert, Jozef _4bkd |
|
| 958 | _aA | ||
| 999 |
_c12159 _d12159 |
||